| 000 | 00567nam a2200205 a 4500 | ||
|---|---|---|---|
| 001 | 157797 | ||
| 003 | OSt | ||
| 005 | 20211220155731.0 | ||
| 008 | 200626 ### ENG | ||
| 020 | _a9788131604403 | ||
| 082 |
_a305.4 _bC76C |
||
| 245 |
_aContemporary feminist theories _cedited by Stevi Jackson and Jackie Jones |
||
| 260 |
_aJaipur _bRawat publication _c2011 |
||
| 300 | _avi, 271p. | ||
| 653 | _aFeminist theory | ||
| 653 | _aWomen--Social conditions | ||
| 700 |
_aJackson, Stevi _eEditor |
||
| 700 |
_aJones, Jackie _eEditor |
||
| 942 |
_2ddc _cBK |
||
| 999 |
_c20105 _d20105 |
||